Score 0/30 Timer 03:00
0 Plays Today
% Correct
Heimlich
90.3%
Harry
89.5%
Henry
88.7%
High
88.1%
Horse
87%
Hairstyle
85.2%
Helix
84.3%
Houston
83.5%
Harpo
81.8%
Hillbillies
81.2%
Happy
79.6%
Herbert
78.4%
Hula
76.7%
Holy
76.3%
Hat
75.5%
% Correct
Hope
74.4%
House
74.2%
Harvard
72.9%
Hummer
70.8%
Holly
70%
Hercule
67.7%
Hilton
64.8%
Harare
63.8%
Hermits
61.6%
Honiara
59.8%
Higgins
59.4%
Heidi
43.5%
Harper
32.6%
Higgenbottom
24.2%
Heinie
23.4%
Come Together.
Have Fun.
All Virtual.
We all need to come together. Play Sporcle's virtual live trivia to have fun, connect with people, and get your trivia on. Join a live hosted trivia game for your favorite pub trivia experience done virtually. If a virtual private party is more your thing, go here for details.

You're not logged in!

Compare scores with friends on all Sporcle quizzes.
OR
Log In

Sporcle TV

Today on Sporcle TV


Watch our educational content, quiz creation guides, and fun videos on Sporcle TV.

Show Comments

Extras

Top Quizzes Today


Score Distribution

Paid Content

Your Account Isn't Verified!

In order to create a playlist on Sporcle, you need to verify the email address you used during registration. Go to your Sporcle Settings to finish the process.

Report this User

Report this user for behavior that violates our Community Guidelines.

Details: